000 00538nam a22001817a 4500
003 BUBTL
008 170116b xxu||||| |||| 00| 0 eng d
020 _a81-224-1530-X
082 _a677.028GOF
100 _91041
_aGokarneshan,N.
245 _aFabric Structure And Design :
_cN. Gokarneshan
260 _aNew Delhi :
_bNew Age International(P) Limited,
_cc2004.
300 _a139 p. :
_c21 cm.
_bill.;
600 0 _91040
_aTextile Engineering
856 _k0
_l0
_yDownload
942 _2ddc
_cBK
999 _c5420
_d5420